000 00449nam a2200181Ia 4500
008 230524s9999 xx 000 0 und d
020 _a9788131706710
082 _a629.8
_bPAN
100 _aS.Panda
_941941
245 0 _aControl Systems Engineering
250 _a1
260 _aNew Delhi
_bKatson
_c2013
300 _a"XV,357p;"
500 _aQuantity Number: 1
650 _aElectrical
700 _a"S.Padhy, S.R.Das"
_941942
942 _cBK
999 _c56362
_d56362